|
|
|
|
| LEADER |
00000cam a2200000 4500 |
| 001 |
vtls012125855 |
| 003 |
SK-MaSNL |
| 005 |
20260331212135.0 |
| 008 |
230501b2021 xo o g c 000 0dslo |
| 015 |
|
|
|a SNBE2022
|
| 020 |
|
|
|a 9788089330737
|q (brožované)
|
| 035 |
|
|
|a urn:nbn:sk:snk-am00ieaa
|
| 035 |
|
|
|a C8087A2A-B15E-43E3-9E4D-F924B2119BF2
|
| 040 |
|
|
|a SNK
|b slo
|c SNK
|e rda
|
| 041 |
0 |
|
|a slo
|a eng
|
| 043 |
|
|
|a e-xo---
|
| 044 |
|
|
|a xo
|c SK
|
| 072 |
|
7 |
|a 72/76
|x Výtvarné umenie
|2 konspekt
|
| 080 |
|
|
|a 7.036/.038
|2 2011
|
| 080 |
|
|
|a (437.6)
|2 2011
|
| 080 |
|
|
|a (083.824)
|2 2011
|
| 080 |
|
|
|a 75(437.6)
|2 2011
|
| 080 |
|
|
|a 76(437.6)
|2 2011
|
| 100 |
1 |
|
|a Čunderlík, Marián,
|d 1926-1983
|4 art
|9 160014
|
| 245 |
1 |
0 |
|a Marián Čunderlík
|b umelec v nepríhodnej dobe
|c fotografie: Katalin Madarász Decsi ; preklad: Dávid Maťo
|
| 246 |
3 |
0 |
|a Umelec v nepríhodnej dobe
|
| 264 |
|
1 |
|a Nové Zámky
|b Galéria umenia Ernesta Zmetáka v Nových Zámkoch
|c [2021]
|
| 300 |
|
|
|a 40 strán
|b farebné fotografie
|c 30 cm
|
| 336 |
|
|
|a text
|b txt
|2 rdacontent
|
| 336 |
|
|
|a statický obraz
|b sti
|2 rdacontent
|
| 337 |
|
|
|a bez média
|b n
|2 rdamedia
|
| 338 |
|
|
|a zväzok
|b nc
|2 rdacarrier
|
| 366 |
|
|
|e 200 kusov
|
| 500 |
|
|
|a Katalóg k výstave konanej 16.12.2021-29.1.2022, Galéria umenia Ernesta Zmetáka v Nových Zámkoch
|
| 500 |
|
|
|a Rok vydania podľa NA ISBN
|
| 500 |
|
|
|a Životopisné dáta
|
| 500 |
|
|
|a Názov z obálky
|
| 504 |
|
|
|a Obsahuje bibliografické odkazy
|
| 546 |
|
|
|a Súbežný text v angličtine
|
| 600 |
1 |
7 |
|a Čunderlík, Marián,
|d 1926-1983
|2 SNKMA
|9 160014
|
| 648 |
|
7 |
|a 20. storočie
|2 SNKPH
|9 278343
|
| 648 |
|
7 |
|a 20th century
|2 SNKPHeng
|9 277995
|
| 650 |
0 |
7 |
|a moderné umenie
|2 SNKPH
|9 68456
|
| 650 |
0 |
7 |
|a Slovak painting
|2 SNKPHeng
|9 302574
|
| 650 |
0 |
7 |
|a Modern art
|2 SNKPHeng
|9 294689
|
| 650 |
0 |
7 |
|a slovenské maliarstvo
|2 SNKPH
|9 3124
|
| 650 |
0 |
7 |
|a slovenská grafika
|2 SNKPH
|9 31108
|
| 650 |
0 |
7 |
|a Slovak prints
|2 SNKPHeng
|9 302575
|
| 651 |
|
7 |
|a Slovensko
|2 SNKPH
|9 14231
|
| 651 |
|
7 |
|a Slovakia
|2 SNKPHeng
|9 92630
|
| 655 |
|
7 |
|a katalógy výstav
|2 SNKPH
|9 70445
|
| 655 |
|
7 |
|a Exhibition catalogs
|2 SNKPHeng
|9 266232
|
| 700 |
1 |
|
|a Madarász Decsi, Katalin,
|d 1982-
|4 pht
|9 217181
|
| 700 |
1 |
|
|a Maťo, Dávid
|4 trl
|9 311569
|
| 852 |
|
|
|a Slovenská národná knižnica
|
| 919 |
|
|
|a 978-80-89330-73-7
|
| 954 |
|
|
|a obrazové publikácie zamerané na výtvarné umenie a fotografiu pôvodné (slovenské)
|2 lita
|
| 958 |
|
|
|a NB
|
| 999 |
|
|
|c 956921
|d 958851
|
| 952 |
|
|
|a SNK
|b SNK
|y PREZ
|7 0
|p 17A1481735
|o snkOSB 20654
|i snk2022/5630
|8 0
|0 0
|1 0
|4 0
|d 2022-04-14
|f 1
|l 0
|r 2026-02-24 10:07:07
|w 2026-02-24
|
| 952 |
|
|
|a SNK
|b SNK
|y VYP
|7 0
|p 17A1481736
|o snkOSB 20654 D1
|i snk2022/5631
|8 0
|0 0
|1 0
|4 0
|d 2022-04-14
|l 0
|r 2026-02-24 10:07:07
|w 2026-02-24
|